000 02559cam a22002294a 4500
005 20250605163954.0
008 250528s ||||||||||||||||||||||||d
035 _a15421
020 _a137816758
040 _aGR-AtMCL
_bgre
_dGR-AtMCL
_eAACR2
245 1 _aDecision Support Systems and Intelligent Systems / Fifth Edition
250 _a5th
260 _bPrentice Hall International,
_c1998
300 _a890
505 0 _aDecision Making and Computerized Support, Management Support Systems: An Overview, Decision Making and Systems and Modelling and Support, Decision Support Systems, Decision Support Systems: An Overview, Data Management: Warehousing and Access and Visualization, Modeling and Analysis, Knowledge-Based Decision Support and Artificial Intelligence, User Interface and Decision Visualization Applications, Constructing a Decision Support System and DSS Research, Collaboration and Communication and Enterprise Support Systems, Networked Decision Support: The Internet and Intranets and Collaborative Technologies, Group Decision Support Systems, Executive Information and Support Systems, Fundamentals of Expert Systems and Intelligent Systems, Fundamentals of Expert Systems, Knowledge Acquisition and Validation, Knowledge Representation, Inferences and Explanations and Uncertainty, Building Expert Systems: Process and Tools, Cutting-Edge Decision Support Technologies, Glossary, Index.
520 _aDecision Making and Computerized Support, Management Support Systems: An Overview, Decision Making and Systems and Modelling and Support, Decision Support Systems, Decision Support Systems: An Overview, Data Management: Warehousing and Access and Visualization, Modeling and Analysis, Knowledge-Based Decision Support and Artificial Intelligence, User Interface and Decision Visualization Applications, Constructing a Decision Support System and DSS Research, Collaboration and Communication and Enterprise Support Systems, Networked Decision Support: The Internet and Intranets and Collaborative Technologies, Group Decision Support Systems, Executive Information and Support Systems, Fundamentals of Expert Systems and Intelligent Systems, Fundamentals of Expert Systems, Knowledge Acquisition and Validation, Knowledge Representation, Inferences and Explanations and Uncertainty, Building Expert Systems: Process and Tools, Cutting-Edge Decision Support Technologies, Glossary, Index.
700 1 _aAronson Jay E.
_91345
700 1 _aTurban Efraim
_91346
942 _cBK
999 _c1003
_d1003